000 01400nab a2200217 i 4500
001 768714001
003 CO-MdFUSB
005 20240313125321.0
008 230428s2017 cl ||||| |||| 00| 0 eng d
022 _a1669-8949
040 _beng
_aCO-MdFUSB
_cCO-MdFUSB
_dCO-MdFUSB
041 _aeng
100 _aArroyo, Víctor,
_eautor
245 _aCorruption, public policies and ethical challenges from a perspective of Christian commitment
_c/ Víctor Arroyo
300 _aVolumen 12, número 2 (2017), páginas 83 - 102
_c ; 23 cm
520 _a¿Qué desafíos presenta este panorama a la conciencia cristiana? ¿Qué tan efectivas son las políticas públicas, especialmente aquellas diseñadas para combatir la corrupción? ¿Qué lugar ocupa la ética en la lucha contra la corrupción? En el marco de estas preguntas, el autor se propone describir brevemente la corrupción como un obstáculo para el desarrollo; hacer un balance de las políticas públicas diseñadas para combatirlo; e identificar ciertos desafíos éticos. Esta presentación se basa en la experiencia peruana, que incluye la parte de los evangélicos.
546 _aTexto en inglés
650 7 _92579
_aPolíticas públicas
773 0 _049416
_981935
_dSantiago de Chile
_oR1736
_tJournal of Latin American Theology :
_w(CO-MdFUSB)118
_x1669-8949
_gVolumen 12, número 2 (2017), páginas 83 - 102
_qpágina 83
942 _cANA
999 _c68810
_d68810